000
00440nam a2200145Ia 4500
008
100122s9999 xx 000 0 und d
082
_b
71611
_a
823
100
_a
शिरोडकर दासू
245
_a
अशांत पर्व
260
_b
गोमंतक मराठी अकादमी
_c
2004
300
_a
188
630
_a
अशांत पर्व
730
_a
अशांत पर्व
942
_c
BOOK
999
_c
442116
_d
442113